Arms And The Man (Record no. 781199)

MARC details
000 -LEADER
fixed length control field 00368pam a2200157a 44500
008 - FIXED-LENGTH DATA ELEMENTS--GENERAL INFORMATION
fixed length control field 230405s1988 xxu||||| |||| 00| 0 eng d
041 ## - LANGUAGE CODE
Language code of text/sound track or separate title ENG
100 ## - MAIN ENTRY--PERSONAL NAME
Personal name Shaw , Bernard
245 ## - TITLE STATEMENT
Title Arms And The Man
260 ## - PUBLICATION, DISTRIBUTION, ETC.
Place of publication, distribution, etc. DELHI
Name of publisher, distributor, etc. Orient Longman
Date of publication, distribution, etc. 1988
300 ## - PHYSICAL DESCRIPTION
Extent 125p.
440 ## - SERIES STATEMENT/ADDED ENTRY--TITLE
Title Source =RATANAKAR MIRAJ
650 ## - SUBJECT ADDED ENTRY--TOPICAL TERM
Topical term or geographic name entry element ENGLISH
690 ## - LOCAL SUBJECT ADDED ENTRY--TOPICAL TERM (OCLC, RLIN)
Topical term or geographic name as entry element ENGLISH
906 ## - LOCAL DATA ELEMENT F, LDF (RLIN)
a 975
Holdings
Withdrawn status Lost status Damaged status Not for loan Collection Home library Current library Date acquired Total Checkouts Full call number Barcode Date last seen Price effective from Koha item type
          Dr.Patangrao Kadam Mahavidyalaya, Sangli Dr.Patangrao Kadam Mahavidyalaya, Sangli 08/02/2014   822/SHA PKS-1878 26/07/2023 26/07/2023 Book
          Dr.Patangrao Kadam Mahavidyalaya, Sangli Dr.Patangrao Kadam Mahavidyalaya, Sangli 08/02/2014   822/SHA PKS-1877 26/07/2023 26/07/2023 Book
          Dr.Patangrao Kadam Mahavidyalaya, Sangli Dr.Patangrao Kadam Mahavidyalaya, Sangli 08/02/2014   822/SHA PKS-1876 26/07/2023 26/07/2023 Book
          Dr.Patangrao Kadam Mahavidyalaya, Sangli Dr.Patangrao Kadam Mahavidyalaya, Sangli 08/02/2014   822/SHA PKS-1875 26/07/2023 26/07/2023 Book
          Dr.Patangrao Kadam Mahavidyalaya, Sangli Dr.Patangrao Kadam Mahavidyalaya, Sangli 08/02/2014   822 / SHA PKS-1874 26/07/2023 26/07/2023 Book